02434nam a2200325Ia 4500952010800000952010800108952010800216952010800324952010800432999001700540008004100557020001800598050002000616100004300636245006900679250002000748260003500768300003100803500002300834500018500857504003101042505054301073519008901616519008501705519008601790519009101876519009401967650004002061942000702101 00104070a04b04d2010-11-16l5oBD25 G88 2006p04 002826r2016-07-06s2016-07-06t1w2012-06-24yLB 00104070a04b04d2011-02-04l1oBD25 G88 2006p04 002949r2014-06-23s2014-06-23t2w2012-06-24yLB 00104070a04b04d2011-02-04l3oBD25 G88 2006p04 002950r2017-08-08s2017-08-08t3w2012-06-24yLB 00104070a04b04d2011-02-04l6oBD25 G88 2006p04 002951r2019-04-30s2019-04-30t4w2012-06-24yLB 00104070a04b04d2011-03-22l3oBD25 G88 2006p04 003141r2015-09-23s2015-01-28t5w2012-06-24yLB c62625d62625120625s2006 mx 001 0 spa d a9789707821514 4aBD25 bG88 20061 aGutiérrez Sáenz, Raúle , autor 10aIntroducción a la filosofía c / Raúl Gutiérrez Saénz  a15a. edición  aMéxicob : Esfinge c , 2006 a343 páginas c ; 22 cm.  a1a. edición 1992 aEjemplar 1 (04 002826) y 5 (04 003141) son 4a. reimpresión 2010 Ejemplar 2 (04 002949) y 3 (04 002950) son 2a. reimpresión 2008 Ejemplar 4 (04 002951) es 3a. reimpresión 2009 aBibliografía: pp.331-3340 aQué significa filosofía Las principales cosmovisiones El conocimiento y el orden lógico La verdad y el problema crítico El conocimiento holístico Meditación profunda El ser humano Sentido comunitario e integración humana Desarrollo humano en función del amor Apostillas psicológicas al tema del amor Estatuto científico de la ética La libertad y sus limitaciones Valor moral Seis criterios de conducta El ser y sus coprincipios El problema del mal Esencia y existencia de dios Tendencia al absoluto  aPlan Flexible / bAdministración / cÉtica en los Negocios (P08) / d(04 002826) aPlan Flexible / bContaduría / cÉtica en los Negocios (P08) / d(04 003141) aPlan Flexible / bMercadotecnia / cÉtica en los Negocios (P08) / d(04 002949) aEducación Mixta / bContaduría / cÉtica en los Negocios (P08-2) / d(04 002950) aEducación Mixta / bAdministración / cÉtica en los Negocios (P08-2) /d(04 002951) 4aFILOSOFÍAxESTUDIO Y ENSEÑANZA  cLB